<?xml version="1.0" encoding="UTF-8"?>
<record
    xmlns:xsi="http://www.w3.org/2001/XMLSchema-instance"
    xsi:schemaLocation="http://www.loc.gov/MARC21/slim http://www.loc.gov/standards/marcxml/schema/MARC21slim.xsd"
    xmlns="http://www.loc.gov/MARC21/slim">

  <leader>00628nam a22001697a 4500</leader>
  <datafield tag="999" ind1=" " ind2=" ">
    <subfield code="c">57819</subfield>
    <subfield code="d">57819</subfield>
  </datafield>
  <controlfield tag="005">20210419165014.0</controlfield>
  <controlfield tag="008">201221c2020    ge ||||| |||| 00| 0 geo d</controlfield>
  <datafield tag="022" ind1=" " ind2=" ">
    <subfield code="a">01349848</subfield>
  </datafield>
  <datafield tag="041" ind1=" " ind2=" ">
    <subfield code="a">geo</subfield>
  </datafield>
  <datafield tag="245" ind1=" " ind2=" ">
    <subfield code="a">&#x10D0;&#x10EE;&#x10D0;&#x10DA;&#x10D8; &#x10E1;&#x10D0;&#x10E3;&#x10DC;&#x10EF;&#x10D4; :</subfield>
    <subfield code="b">2020 /</subfield>
    <subfield code="c">&#x10DB;&#x10D7;. &#x10E0;&#x10D4;&#x10D3;&#x10D0;&#x10E5;&#x10E2;&#x10DD;&#x10E0;&#x10D8; &#x10E8;&#x10DD;&#x10D7;&#x10D0; &#x10D8;&#x10D0;&#x10E8;&#x10D5;&#x10D8;&#x10DA;&#x10D8;.</subfield>
  </datafield>
  <datafield tag="260" ind1=" " ind2=" ">
    <subfield code="a">&#x10D7;&#x10D1;&#x10D8;&#x10DA;&#x10D8;&#x10E1;&#x10D8; :</subfield>
    <subfield code="b">&#x10E1;&#x10D0;&#x10E3;&#x10DC;&#x10EF;&#x10D4;,</subfield>
    <subfield code="c">2020.</subfield>
  </datafield>
  <datafield tag="300" ind1=" " ind2=" ">
    <subfield code="a">80 &#x10E1;&#x10DB;.</subfield>
    <subfield code="b">30 &#x10E1;&#x10DB;.</subfield>
  </datafield>
  <datafield tag="653" ind1=" " ind2=" ">
    <subfield code="a">&#x10DE;&#x10D4;&#x10E0;&#x10D8;&#x10DD;&#x10D3;&#x10D8;&#x10D9;&#x10D0;</subfield>
  </datafield>
  <datafield tag="653" ind1=" " ind2=" ">
    <subfield code="a">&#x10D0;&#x10EE;&#x10D0;&#x10DA;&#x10D8; &#x10E1;&#x10D0;&#x10E3;&#x10DC;&#x10EF;&#x10D4;</subfield>
  </datafield>
  <datafield tag="700" ind1=" " ind2=" ">
    <subfield code="a">&#x10D8;&#x10D0;&#x10E8;&#x10D5;&#x10D8;&#x10DA;&#x10D8;,&#x10E8;&#x10DD;&#x10D7;&#x10D0;</subfield>
    <subfield code="e">&#x10E0;&#x10D4;&#x10D3;&#x10D0;&#x10E5;&#x10E2;&#x10DD;&#x10E0;&#x10D8;</subfield>
    <subfield code="9">9936</subfield>
  </datafield>
  <datafield tag="942" ind1=" " ind2=" ">
    <subfield code="2">udc</subfield>
    <subfield code="c">CR</subfield>
  </datafield>
  <datafield tag="952" ind1=" " ind2=" ">
    <subfield code="0">0</subfield>
    <subfield code="1">0</subfield>
    <subfield code="2">udc</subfield>
    <subfield code="4">0</subfield>
    <subfield code="7">0</subfield>
    <subfield code="9">89719</subfield>
    <subfield code="a">CPL</subfield>
    <subfield code="b">CPL</subfield>
    <subfield code="c">GEN</subfield>
    <subfield code="d">2020-12-21</subfield>
    <subfield code="h">(#4) (78) (2020) &#x10D8;&#x10D5;&#x10DA;&#x10D8;&#x10E1;&#x10D8;-&#x10D0;&#x10D2;&#x10D5;&#x10D8;&#x10E1;&#x10E2;&#x10DD;</subfield>
    <subfield code="p">p80680</subfield>
    <subfield code="r">2020-12-21</subfield>
    <subfield code="t">p80680</subfield>
    <subfield code="w">2020-12-21</subfield>
    <subfield code="y">CR</subfield>
  </datafield>
  <datafield tag="952" ind1=" " ind2=" ">
    <subfield code="0">0</subfield>
    <subfield code="1">0</subfield>
    <subfield code="2">udc</subfield>
    <subfield code="4">0</subfield>
    <subfield code="7">0</subfield>
    <subfield code="9">89720</subfield>
    <subfield code="a">CPL</subfield>
    <subfield code="b">CPL</subfield>
    <subfield code="c">GEN</subfield>
    <subfield code="d">2020-12-21</subfield>
    <subfield code="h">(#5) (79) (2020) &#x10E1;&#x10D4;&#x10E5;&#x10E2;&#x10D4;&#x10DB;&#x10D1;&#x10D4;&#x10E0;&#x10D8; &#x10DD;&#x10E5;&#x10E2;&#x10DD;&#x10DB;&#x10D1;&#x10D4;&#x10E0;&#x10D8;</subfield>
    <subfield code="p">p80681</subfield>
    <subfield code="r">2020-12-21</subfield>
    <subfield code="t">p80681</subfield>
    <subfield code="w">2020-12-21</subfield>
    <subfield code="y">CR</subfield>
  </datafield>
  <datafield tag="952" ind1=" " ind2=" ">
    <subfield code="0">0</subfield>
    <subfield code="1">0</subfield>
    <subfield code="2">udc</subfield>
    <subfield code="4">0</subfield>
    <subfield code="7">2</subfield>
    <subfield code="9">90187</subfield>
    <subfield code="a">CPL</subfield>
    <subfield code="b">CPL</subfield>
    <subfield code="d">2021-04-19</subfield>
    <subfield code="h">(#6) (80) (2020) &#x10DC;&#x10DD;&#x10D4;&#x10DB;&#x10D1;&#x10D4;&#x10E0;&#x10D8; - &#x10D3;&#x10D4;&#x10D9;&#x10D4;&#x10DB;&#x10D1;&#x10D4;&#x10E0;&#x10D8;</subfield>
    <subfield code="p">p 80746</subfield>
    <subfield code="r">2021-04-19</subfield>
    <subfield code="t">p 80746</subfield>
    <subfield code="w">2021-04-19</subfield>
    <subfield code="y">CR</subfield>
  </datafield>
</record>
